000 00899nam a22001935i 4500
001 164508
003 ES-MaACL
005 20230906212941.0
008 050805s1866 sp | |||||||| ||spa d
040 _aCAM
_bspa
_cCAM
100 1 _aSan Juan, Luis.
_9132373
245 1 0 _aDulces cadenas
_b: comedia en tres actos y en verso /
_coriginal de Luis San Juan.
250 _a3ª ed.
260 _aMadrid :
_b[Adminsitración Lírico-Dramática],
_c1866 (
_fImprenta de José Rodriguez)
300 _a101 p. ;
_c19 cm.
500 _aEn port.: Representado por primera vez en el teatro del Circo el 21 de Febrero de 1866, á beneficio de la primera actriz Adelaida Alvarez.
596 _aEl ed. consta en la cub. original.
852 _aES-MaACL
_jD-2492(2)
_z-- Enc. hol. conservando la cub. original
_z-- Dedicatoria ms. del autor a un amigo
_z-- Enc. en un vol. facticio
_z.- Legado M. de la Fuente
999 _c164508
_d164508